Easy Assassins Creed Odyssey Knowledge - Statistics

General Stats
  • This quiz has been taken 180 times
  • The average score is 9 of 15
Answer Stats
Hint Answer % Correct
The female protagonist Kassandra
98%
The potential male protagonist Alexios
94%
Does Phoebe survive the game? No
83%
Does Perikles survive the game? No
83%
Does Sokrates survive the game? Yes
83%
Does the protagonist survive the main game? Yes
83%
The name of your eagle Ikaros
72%
The type of weapon you posses (the isu one) Spear
63%
The main enemy of Sparta Athens
59%
The hometown of the protagonist Sparta
54%
The name of Kassandras and Alexios mother Myrinne
48%
The name of the athenian leader at that time Perikles
46%
The name of the ghost of the cult Aspasia
36%
The name of the loyal spartan king at that time Archidamos
10%
The name of the opposing cult you are fighting Cult of the Cosmos
4%
No matching quizzes found
Score Distribution
Percent of People with Each Score
Percentile by Number Answered
Your Score History
You have not taken this quiz